| 000 -LEADER |
| fixed length control field |
01867nam a2200385 i 4500 |
| 001 - CONTROL NUMBER |
| control field |
ocm00590435 |
| 003 - CONTROL NUMBER IDENTIFIER |
| control field |
OAUW |
| 005 - DATE AND TIME OF LATEST TRANSACTION |
| control field |
20251027094525.0 |
| 008 - FIXED-LENGTH DATA ELEMENTS--GENERAL INFORMATION |
| fixed length control field |
250122t20242024meu ed 000 f eng d |
| 020 ## - INTERNATIONAL STANDARD BOOK NUMBER |
| International Standard Book Number |
9781035044528 |
| 040 ## - CATALOGING SOURCE |
| Original cataloging agency |
GCmBT |
| Language of cataloging |
eng |
| Transcribing agency |
GCmBT |
| Modifying agency |
BTCAT |
| -- |
CaOAUW |
| Description conventions |
rda |
| Modifying agency |
CaOL |
| -- |
KH8 |
| 041 1# - LANGUAGE CODE |
| Language code of text/sound track or separate title |
eng |
| Language code of original |
jap |
| 082 ## - DEWEY DECIMAL CLASSIFICATION NUMBER |
| Classification number |
FIC KAW |
| 100 1# - MAIN ENTRY--PERSONAL NAME |
| Personal name |
Kawaguchi, Toshikazu, |
| Dates associated with a name |
1971- |
| Relator term |
author. |
| 245 10 - TITLE STATEMENT |
| Title |
Before we say goodbye: |
| Statement of responsibility, etc. |
Toshikazu Kawaguchi ; translated from the Japanese by Geoffrey Trousselot. |
| 250 ## - EDITION STATEMENT |
| Edition statement |
Large print edition. |
| 260 ## - PUBLICATION, DISTRIBUTION, ETC. |
| Place of publication, distribution, etc. |
London ; |
| Name of publisher, distributor, etc. |
Macmillan Publishers , |
| Date of publication, distribution, etc. |
2024. |
| 264 #4 - PRODUCTION, PUBLICATION, DISTRIBUTION, MANUFACTURE, AND COPYRIGHT NOTICE |
| Date of production, publication, distribution, manufacture, or copyright notice |
©2023. |
| 300 ## - PHYSICAL DESCRIPTION |
| Extent |
217 pages ; |
| Dimensions |
22 cm. |
| 336 ## - CONTENT TYPE |
| Content type term |
text |
| Source |
rdacontent. |
| 337 ## - MEDIA TYPE |
| Media type term |
unmediated |
| Source |
rdamedia. |
| 338 ## - CARRIER TYPE |
| Carrier type term |
volume |
| Source |
rdacarrier. |
| 340 ## - PHYSICAL MEDIUM |
| Font size |
Large print |
| Source |
rdafs. |
| 490 1# - SERIES STATEMENT |
| Series statement |
Before the coffee gets cold |
| 520 ## - SUMMARY, ETC. |
| Summary, etc. |
The regulars at the magical Café Funiculi Funicula are well acquainted with its famous legend and extraordinary time-travel offer. Many patrons have reunited with old flames, made amends with estranged family and visited loved ones. But the journey is not without risks, and there are rules to follow. In the tradition of Toshikazu Kawaguchi's sensational Before the Coffee Gets Cold Series, readers will once again be introduced to a new set of visitors: the husband with something important left to say; the woman who couldn't bid her dog farewell; the woman who couldn't answer a proposal; and the daughter who drove her father away. |
| 546 ## - LANGUAGE NOTE |
| Language note |
Translated from the Japanese. |
| 650 #0 - SUBJECT ADDED ENTRY--TOPICAL TERM |
| Topical term or geographic name entry element |
Coffeehouses |
| Geographic subdivision |
Japan |
| -- |
Tokyo |
| Form subdivision |
Fiction. |
| 650 #0 - SUBJECT ADDED ENTRY--TOPICAL TERM |
| Topical term or geographic name entry element |
Time travel |
| Form subdivision |
Fiction. |
| 650 #0 - SUBJECT ADDED ENTRY--TOPICAL TERM |
| Topical term or geographic name entry element |
Interpersonal relations |
| Form subdivision |
Fiction. |
| 651 #0 - SUBJECT ADDED ENTRY--GEOGRAPHIC NAME |
| Geographic name |
Tokyo (Japan) |
| Form subdivision |
Fiction. |
| 651 #0 - SUBJECT ADDED ENTRY--GEOGRAPHIC NAME |
| Geographic name |
Japan |
| Form subdivision |
Fiction. |
| 700 ## - ADDED ENTRY--PERSONAL NAME |
| Personal name |
Trousselot, Geoffrey, |
| Relator term |
translator. |
| 830 #0 - SERIES ADDED ENTRY--UNIFORM TITLE |
| Uniform title |
Before the coffee gets cold. |
| 942 ## - ADDED ENTRY ELEMENTS (KOHA) |
| Source of classification or shelving scheme |
|
| Koha item type |
Books - Fiction |